Responses for Show #2261 - Monday, June 6, 1994

Contestants

[<< previous game]

Bob Majeska, a research scientist from Danbury, Connecticut

Chuck Wilde, an engineer from Naperville, Illinois

Cris Zeak, a substitute teacher from Point Pleasant, New Jersey (whose 2-day cash winnings total $15,000)

[next game >>]

Jeopardy! Round responses

THE 1980s
FAMOUS JOHNSONS
HEALTH & MEDICINE
MUSIC
GOURMET COOKING
4-LETTER WORDS
    $100 6
Stalin

Chuck
    $100 11
Magic Johnson

Bob
    $100 21
a plastic surgeon

Cris
    $100 1
Stradivarius

Bob
    $100 26
cheese

Cris
    $100 16
a dash

Bob
    $200 7
China

Cris
    $200 12
LBJ

Cris
    $200 22
toes (fingers)

Chuck
    $200 2
a half note

Chuck
    $200 27
(Cris: What is an iris?)

the violet

Cris
Triple Stumper
    $200 17
bray

Cris
    $300 8
oil

Bob
    $300 13
strikeouts

Bob
    $300 23
the cornea

Bob
    $300 3
opera

Bob
    $300 28
vanilla

Cris
    $300 18
vend

Chuck
    $400 9
(Bob: What is the United Auto Workers?)

the Teamsters

Bob
    $400 14
Andrew Johnson

Cris
    $400 24
jaundice

Bob
    $400 4
Spain

Cris
    $400 29
tomato juice

Triple Stumper
    $400 19
darn

Chuck
    $500 10
Anatoly Karpov

Cris
    $500 15
Betsey Johnson

Triple Stumper
    $500 25
the humerus

Chuck
    $500 5
a prelude

Cris
    $500 30
foie gras

Cris
    $500 20
(Bob: What is folk?)

kith

CrisBob

Scores at the first commercial break (after clue 15):

Cris Chuck Bob
$2,200 $300 $700

Scores at the end of the Jeopardy! Round:

Cris Chuck Bob
$3,700 $1,700 $1,000

Double Jeopardy! Round responses

THE 1890s
EVANGELISTS
BUSINESS & INDUSTRY
EXPLORERS
AMERICANA
WORLD LITERATURE
    $200 1
comic strips

Cris
    $200 6
Tammy Bakker

Bob
    $200 12
IBM

Bob
    $200 11
Ponce de Leon

Chuck
    $200 15
Ohio

Bob
    $200 22
Africa

Bob
    $400 2
argon

Cris
    $400 7
Billy Graham

Cris
    $400 21
Federal Express

Cris
    $400 13
the Amazon

Bob
    $400 18
Kansas

Bob
    $400 23
Voltaire

Chuck
    $600 3
Java

Cris
    $600 8
Oral Roberts

Bob
    $600 24
Prudential

Bob
    $600 14
Antarctica

Bob
    $600 19
Santa Claus

Cris
    $500 26
Henry James

Cris
    $800 4
(Bob: What is Guyana?)

British Guiana

Bob
Triple Stumper
    $800 9
Aimee Semple McPherson

Bob
    $800 29
DuPont

Bob
    $1,000 16
Easter Island

Bob
    $800 20
Reagan

Chuck
    $800 27
Hoffman

Bob
    $1000 5
St. John the Divine

Cris
    $1000 10
(Dwight) Moody

Bob
    $1000 30
[Chuck added an "and" between the names.]

Pitney Bowes

Chuck
    $1000 17
(Chuck: Who is Marquette?)
(Cris: Who is La Salle?)

Hernando de Soto

CrisChuck
Triple Stumper
    $1000 25
Steamboat Springs

Cris
    $1000 28
Umberto Eco

Cris

Scores at the end of the Double Jeopardy! Round:

Cris Chuck Bob
$8,800 $3,100 $8,000

[wagering suggestions for these scores]

Final Jeopardy! Round responses

BRITISH HISTORY
(Alex: [To Chuck] They dug him up as a matter of fact, died in '58, dug him up three years later, hanged him and then buried his head; I don't think they had the rest of his body at the time.)
ChuckWho is Oliver Cromwell?
$1,500
BobWho was Cromwell?
$1,799
CrisWho was Ja Charles
$7,300
Oliver Cromwell

Final scores:

Cris Chuck Bob
$1,500 $4,600 $9,799
3rd place: Krieger watch + Wheel of Fortune & Jeopardy! for the SNES & Sega Genesis 2nd place: trip on Delta to the Bahamas & stay at Bahamas Princess Resort & Casino New champion: $9,799

Game dynamics:

Coryat scores:

Cris Chuck Bob
$8,900 $3,100 $8,200
22 R
(including 1 DD),
2 W
10 R,
1 W
22 R
(including 1 DD),
3 W
(including 1 DD)

Combined Coryat: $20,200

[game clues] [game scores] [suggest correction]

Game tape date: 1994-02-02
The J! Archive is created by fans, for fans. Scraping, republication, monetization, and malicious use prohibited; this site may use cookies and collect identifying information. See terms. The Jeopardy! game show and all elements thereof, including but not limited to copyright and trademark thereto, are the property of Jeopardy Productions, Inc. and are protected under law. This website is not affiliated with, sponsored by, or operated by Jeopardy Productions, Inc. Join the discussion at JBoard.tv.